|
|
|
|
| LEADER |
01435nam a2200301 a 4500 |
| 001 |
15577136 |
| 003 |
BD-DhAAL |
| 008 |
090722s2007 bg bs 000 0 eng d |
| 010 |
|
|
|a 2008419333
|
| 040 |
|
|
|a DLC
|c DLC
|d BD-DhAAL
|
| 082 |
0 |
0 |
|a 370.11/3/095492
|2 22
|
| 245 |
0 |
0 |
|a Learning for job opportunities :
|b an assessment of the vocational education and training in Bangladesh.
|
| 246 |
3 |
0 |
|a Assessment of the vocational education and training in Bangladesh
|
| 260 |
|
|
|a Dhaka :
|b World Bank Office ;
|a Washington DC :
|b World Bank,
|c 2007.
|
| 300 |
|
|
|a xxxi, 90 pages ;
|c 29 cm.
|
| 490 |
0 |
|
|a Bangladesh development series ;
|v paper no. 19
|
| 490 |
0 |
|
|a Document of the World Bank
|
| 500 |
|
|
|a Includes statistics.
|
| 504 |
|
|
|a Includes bibliographical references (p. 67-69).
|
| 526 |
|
|
|x Salim khan
Sr. program Associate
James P. Grant School.
Course name and no. N/A
|
| 541 |
1 |
|
|a A H Development publishing house
|e 00018482
|
| 650 |
|
0 |
|a Vocational education
|z Bangladesh.
|9 57973
|
| 710 |
2 |
|
|a World Bank.
|b Bangladesh Dhaka Office.
|
| 710 |
2 |
|
|a World Bank.
|
| 852 |
4 |
|
|a SPH
|j General Shelf.
|
| 942 |
|
|
|2 ddc
|c BK
|
| 999 |
|
|
|c 2694
|d 2694
|
| 952 |
|
|
|0 0
|1 0
|2 ddc
|4 0
|6 370_113095492000000_LEA
|7 0
|9 2475
|a JPGSPH
|b JPGSPH
|d 2009-04-29
|e A H Development Publishing House.
|g 7800.00
|l 0
|o 370.113095492 LEA
|p 3060018482
|r 2009-07-22
|t 1
|w 2009-07-22
|y BK
|x Requisitioned by Salim khan, Sr. program Associate, James P. Grant School. Course name and no. N/A
|